• 首页
  • 本馆介绍
  • 公告通知
  • 最新文献
  • 馆藏检索
  • 电子资源
  • 读者导购
  • 参考咨询
  • 我的图书馆
  • 登录
  • 详细信息显示
  • 放入我的书架
  • 预约/预借图书
  • 作者相关作品
  • 分类相关作品
  • 丛书相关作品
  • 出版社相关作品

书目信息

  • 表格格式
  • 工作单格式
  • 卡片格式
题名:
激光参数测量
    
 
作者: 《激光参数测量》编写组编
分册:  
出版信息: 上海   上海人民出版社  1976
页数: 117页
开本: 19cm
丛书名: 固体激光技术基础丛书
单 册:
中图分类: TN24 , N51
科图分类:
主题词: 自然科学--丛书 , 自然科学--多卷书
电子资源:
ISBN:
000 00669nam2 2200253 45
001 0176001032
005 20061119083826.31
010    @dCNY0.26
100    @a19951012d1976 em y0chiy0121 ea
101 0  @achi
102    @aCN@b310000
105    @ay z 000yy
200 10 @a激光参数测量@Aji guang can shu ce liang@f《激光参数测量》编写组编
210    @a上海@c上海人民出版社@d1976
215    @a117页@d19cm
225 2  @a固体激光技术基础丛书
410  0 @120010@a固体激光技术基础丛书
606    @a自然科学@x丛书
606 0  @a自然科学@x多卷书
690    @aTN24@v3 
690    @aN51@v3
801  2 @aCN@bNLC@c20061119
801  0 @aCN@bTSSF
905    @a10447@dN51@e2
    
    激光参数测量/《激光参数测量》编写组编.-上海:上海人民出版社,1976
    117页;19cm.-(固体激光技术基础丛书)
    
    
    ISBN :CNY0.26
    
●
相关链接 在E读中查询图书 在五车中查询图书 在当当中查询图书 在豆瓣中查询图书


正题名:激光参数测量     索取号:N51/2         预约/预借

序号 登录号 条形码 馆藏地/架位号 状态 备注
1 0003131   001232311   第二样本阅览室/ [索取号:N51/2] 在馆    
唐山师范学院图书馆 欢迎您!
大连网信软件有限公司© 版权所有